Obvious Answers - Statistics

General Stats
  • This quiz has been taken 110 times
  • The average score is 13 of 15
Answer Stats
Hint Answer % Correct
What state is New York City located? New York
99%
When did the Panic of 1873 happen? 1873
97%
Where does Miss America reside? America
96%
What is the capital of Montana? M
94%
Mexican food is from what country? Mexico
93%
What is Barack Obama's surname? Obama
93%
The Colorado Blue Spruce is the state tree of which state? Colorado
92%
Who is the main character of the Harry Potter franchise? Harry Potter
92%
What are the first six letters on a QWERTY keyboard layout? QWERTY
92%
Where in Africa is South Africa located? Southern Africa
92%
What is 1 x 0? Zero
92%
Which animal contains no butter but flies? Butterfly
85%
The United States is made up of what first-level subdivision? States
84%
Why? Because
70%
Where was the Declaration of Independence signed? At the bottom
50%
No matching quizzes found
Score Distribution
Percent of People with Each Score
Percentile by Number Answered
Your Score History
You have not taken this quiz